[Event "South Wales Autumn op"]
[Site "Newport"]
[Date "2019.11.16"]
[Round "3"]
[White "Payan, Juan C"]
[Black "Morgans, Justin"]
[Result "1-0"]
[WhiteElo "1791"]
[BlackElo "1657"]
[PlyCount "53"]
[EventDate "2019.11.15"]
[EventType "swiss"]
[EventRounds "5"]
[EventCountry "WLS"]
[SourceTitle "EXT 2022"]
[Source "ChessBase"]
[SourceDate "2021.10.06"]
[SourceVersion "1"]
[SourceVersionDate "2021.10.06"]
[SourceQuality "1"]

1. e4 e5 2. Nf3 Nf6 3. Nxe5 Nc6 4. Nxc6 dxc6 5. Nc3 Bc5 6. Be2 Be6 7. d3 Qd7 8. 0-0 0-0-0 9. Be3 Bxe3 10. fxe3 h5 11. Qe1 Ng4 12. Bxg4 hxg4 13. Qg3 Rh5 14. Ne2 g5 15. Nd4 Rdh8 16. Nxe6 Qxe6 17. e5 b6 18. Rf6 Qd7 19. Raf1 R8h7 20. d4 Kb7 21. b3 Rh4 22. R1f5 c5 23. c3 cxd4 24. exd4 Qd5 25. e6 fxe6 26. Rxd5 exd5 27. Rf5 1-0

[Event "BCF-chT4S 1920 (4NCL)"]
[Site "England"]
[Date "2019.11.09"]
[Round "1.112"]
[White "Payan, Juan C"]
[Black "Arora, Tashika"]
[Result "1-0"]
[WhiteElo "1791"]
[BlackElo "1690"]
[PlyCount "131"]
[EventDate "2019.11.09"]
[EventType "team-swiss"]
[EventRounds "11"]
[EventCountry "ENG"]
[SourceTitle "EXT 2022"]
[Source "ChessBase"]
[SourceDate "2021.10.06"]
[SourceVersion "1"]
[SourceVersionDate "2021.10.06"]
[SourceQuality "1"]
[WhiteTeam "West is Best III"]
[BlackTeam "Oxford V"]
[WhiteTeamCountry "WLS"]
[BlackTeamCountry "ENG"]

1. e4 c5 2. Nf3 d6 3. d4 cxd4 4. Nxd4 Nf6 5. Nc3 g6 6. Be3 Bg7 7. f3 0-0 8. Qd2 Nc6 9. 0-0-0 Bd7 10. Bc4 Rc8 11. Bb3 Ne5 12. Bh6 Nc4 13. Bxc4 Rxc4 14. Bxg7 Kxg7 15. g4 a6 16. h4 h6 17. Nde2 Qa5 18. Ng3 Be6 19. g5 Ng8 20. f4 Bg4 21. Rdf1 h5 22. f5 Rfc8 23. fxg6 fxg6 24. Qf2 Be6 25. Nge2 Qe5 26. Nf4 b5 27. Nd3 Qd4 28. a3 Qxf2 29. Rxf2 Rf8 30. Rhf1 Rxf2 31. Rxf2 Bf7 32. Kd2 e6 33. b3 Rc8 34. Nb4 a5 35. Nxb5 axb4 36. Rxf7+ Kxf7 37. Nxd6+ Ke7 38. Nxc8+ Kd8 39. Nd6 bxa3 40. Kc1 Ne7 41. Nc4 Kc7 42. Nxa3 Kc6 43. Kd2 Kc5 44. c3 Nc6 45. Nc4 e5 46. Kd3 Kb5 47. b4 Ka6 48. Nd6 Kb6 49. Kc4 Ne7 50. Nf7 Kc6 51. b5+ Kb6 52. Nxe5 Kb7 53. Kc5 Kc7 54. c4 Kb7 55. Kd6 Nc8+ 56. Ke6 Kb6 57. Nxg6 Kb7 58. Ne7 Nb6 59. c5 Na4 60. c6+ Kc7 61. Nd5+ Kc8 62. Kd6 Nb2 63. Ne7+ Kb8 64. c7+ Kb7 65. c8Q+ Kb6 66. Qa6# 1-0

[Event "BCF-chT4S 1819 (4NCL)"]
[Site "England"]
[Date "2019.02.09"]
[Round "5.34"]
[White "Headlong, Benjamin"]
[Black "Payan, Juan C"]
[Result "1/2-1/2"]
[WhiteElo "1765"]
[BlackElo "1863"]
[PlyCount "83"]
[EventDate "2018.11.17"]
[EventType "team-swiss"]
[EventRounds "11"]
[EventCountry "ENG"]
[SourceTitle "EXT 2021"]
[Source "ChessBase"]
[SourceDate "2020.10.23"]
[SourceVersion "1"]
[SourceVersionDate "2020.10.23"]
[SourceQuality "1"]
[WhiteTeam "Check Innmates II"]
[BlackTeam "West is Best III"]
[WhiteTeamCountry "ENG"]
[BlackTeamCountry "ENG"]

1. e4 c5 2. Nf3 d6 3. c3 Nc6 4. h3 Nf6 5. Bd3 g6 6. Bc2 Bg7 7. 0-0 0-0 8. d4 Qc7 9. Na3 a6 10. Bf4 cxd4 11. Nxd4 Bd7 12. Nxc6 Bxc6 13. Re1 b5 14. e5 dxe5 15. Bxe5 Qb7 16. Bxf6 Bxf6 17. Qg4 Rfd8 18. Rad1 e6 19. Rxd8+ Rxd8 20. Rd1 Rxd1+ 21. Bxd1 Qd7 22. Bf3 Bd5 23. Nc2 a5 24. Qf4 Kg7 25. Bxd5 Qxd5 26. Ne3 Qe5 27. Qxe5 Bxe5 28. Kf1 f5 29. Ke2 Kf7 30. Kd3 Ke7 31. Nc2 Kd6 32. b3 Bf6 33. Nd4 Bxd4 34. cxd4 g5 35. g3 e5 36. f3 Kd5 37. dxe5 Kxe5 38. Ke3 f4+ 39. gxf4+ gxf4+ 40. Kd3 h5 41. h4 Kd5 42. a3 1/2-1/2